000 00480nam a2200181Ia 4500
005 20250508150717.0
008 008 250505s9999 xx 000 0 eng d
037 _aTextual
040 _aFEDL
_beng
_cFEDL
041 _aeng
_2eng
084 _a294.592, SHA
_qFEDL
100 _aSharvananda
245 0 _aAitareyopanisad
260 _aMadras, India
_bSri Ramakrishna Math
_c1944
300 _a80p.
942 _cTEXL
_h294.592, SHA
999 _c1325195
_d1325195